000 00219nam a2200085Ia 4500
245 0 _aTolerance
100 _a PRYOR, Kimberley Jane Tarrytown, NY, 2009
942 _cBK
008 210817s9999 xx 000 0 und d
999 _c276214
_d276213